Το εξιλαστήριο θύμα : η βία και το ιερό
Αποθηκεύτηκε σε:
| Κύριος συγγραφέας: | |
|---|---|
| Άλλοι συγγραφείς: | |
| Μορφή: | Βιβλίο |
| Γλώσσα: | Greek French |
| Δημοσίευση: |
Αθήνα :
Εξάντας,
1991.
|
| Σειρά: | Σύγχρονη κλασική βιβλιοθήκη (Εξάντας)
39 |
| Θέματα: | |
| Ετικέτες: |
Προσθήκη ετικέτας
Δεν υπάρχουν, Καταχωρήστε ετικέτα πρώτοι!
|
MARC
| LEADER | 00000cam a2200000 i 4500 | ||
|---|---|---|---|
| 001 | 1/67774 | ||
| 008 | 990125s1991 gr | ||| |||| ||gre|| | ||
| 020 | |a 960256072X | ||
| 035 | |l 10047536 | ||
| 040 | |a GR-MyUA |b gre |e AACR2 | ||
| 041 | 1 | |a gre |h fre | |
| 082 | 7 | |a 201.76332 |2 (23) | |
| 082 | 7 | |a 306 |2 (22) | |
| 100 | 1 | |a Girard,René, |d 1923-2015. | |
| 245 | 1 | 3 | |a Το εξιλαστήριο θύμα : |b η βία και το ιερό / |c Rene Girard ; μετάφραση Κωστής Παπαγιώργης. |
| 260 | |a Αθήνα : |b Εξάντας, |c 1991. | ||
| 300 | |a 541 σ. | ||
| 490 | 1 | |a (Σύγχρονη κλασική βιβλιοθήκη / Εξάντας ; |v 39) | |
| 500 | |a Τίτλος πρωτοτύπου: La violence et le sacre. | ||
| 650 | 0 | |a Rites and ceremonies. | |
| 650 | 0 | |a Violence |x Religious aspects. | |
| 650 | 0 | |a Sacrifice. | |
| 650 | 0 | |a Anthropology. | |
| 650 | 0 | |a Culture |x Philosophy. | |
| 650 | 0 | |a Culture |x Sociology. | |
| 700 | 1 | |a Παπαγιώργης, Κωστής, |d 1947-2014, |e trl | |
| 830 | 0 | |a Σύγχρονη κλασική βιβλιοθήκη (Εξάντας) |v 39 | |
| 852 | |a INST |b LESVOS |e 20140217 |h 306 GIR |p 005100053610 |q 005100053610 |t BK |y 0 | ||
| 852 | |a INST |b RHODES |e 19990205 |h 291.34 GIR |p 005400005532 |q 005400005532 |t BK |y 0 | ||
| 852 | |a INST |b RHODES |e 19990125 |h 291.34 GIR |p 005400005658 |q 005400005658 |t BK |y 0 | ||
| 852 | |a INST |b SYROS |e 20210715 |h 201.76332 GIR |p 005500014122 |q 005500014122 |t BK |y 0 | ||
| 901 | |a BIBL-1999-1 | ||
| 901 | |a BIBL1-2014-1 | ||
| 922 | |a 4ΕΛΗ |b 199805 |c ΚΠΣ/Ν |d EMVASIS | ||
| 970 | |a ΧΟΡΟΖΙΔΟΥ |b ΤΖΕΝΗ |z 2000/02/15 | ||